Statystyki dla Rzadkie lub nietypowe marki samochodów

Kliknij tutaj aby rozwiązać quiz!

Ogólne statystyki

  • Ten quiz został rozwiązany 286 razy
  • Średni wynik to 8 z 20

Statystyki odpowiedzi

Odpowiedź% Poprawnych
Tesla
89%
Maserati
78%
Infiniti
77%
Bugatti
71%
Lamborghini
68%
Pontiac
57%
Vauxhall
50%
Koenigsegg
49%
FSO
47%
Buick
46%
Alpine
45%
Łada
40%
Lincoln
29%
Trabant
23%
Ascari
18%
Autobianchi
15%
Wartburg
13%
Oldsmobile
12%
Plymouth
10%
Holden
5%

Rozkład punktacji

Percentyl według liczby udzielonych odpowiedzi

Procent ludzi z każdym wynikiem

Twoja historia wyników

Nie rozwiązałeś tego quizu